Statistics for American Coastal Capitals

Click here to take the quiz!

General Stats

  • This quiz has been taken 28 times
  • The average score is 17 of 20

Answer Stats

Capital% Correct
Georgetown
100%
Kingston
100%
Kingstown
100%
Buenos Aires
96%
Havana
92%
Port-au-Prince
92%
Santo Domingo
92%
Panama City
88%
Caracas
85%
Lima
85%
Nassau
85%
Port-of-Spain
85%
Saint John's
85%
Montevideo
81%
Paramaribo
81%
Castries
73%
Bridgetown
69%
Saint George's
69%
Basseterre
65%
Roseau
65%

Score Distribution

Percentile by Number Answered

Percent of People with Each Score

Your Score History

You have not taken this quiz